| 000 | 00490nam a2200133Ia 4500 | ||
|---|---|---|---|
| 008 | 220217s9999 xx 000 0 und d | ||
| 245 | 0 | _aBritish Standards: Methods of testing vulcanized rubber. Part A 18. Determination of equilibrium water vapour absorption | |
| 260 | _aLondon | ||
| 260 |
_c1974 _bBritish StandardS Institution |
||
| 490 | _aBritish Standard | ||
| 500 | _aStandard number: BS 903: Part A 21 | ||
| 650 | _aVulcanized rubber testing_Equilibrium water vapour | ||
| 942 | _cST | ||
| 999 |
_c73238 _d73238 |
||